Statistics for Top 25 Coconut Producers

Click here to take the quiz!

General Stats

  • This quiz has been taken 193 times
  • The average score is 17 of 25

Answer Stats

Coconuts (tons)Country% Correct
18,300,000Indonesia
96%
11,930,000India
95%
1,303,826Vietnam
93%
646,932Malaysia
92%
2,890,286Brazil
91%
1,010,000Thailand
90%
254,620China
89%
1,064,400Mexico
87%
425,000Myanmar
83%
2,513,000Sri Lanka
79%
15,353,200Philippines
77%
263,867Venezuela
72%
265,000Nigeria
69%
1,200,000Papua New Guinea
68%
366,183Ghana
57%
530,000Tanzania
53%
225,000Fiji
51%
310,000Jamaica
50%
195,000Cote d'Ivoire
48%
286,934Dominican Republic
48%
260,000Mozambique
48%
410,000Solomon Islands
43%
190,000Samoa
40%
410,000Vanuatu
37%
170,000Kiribati
28%

Score Distribution

Percentile by Number Answered

Percent of People with Each Score

Your Score History

You have not taken this quiz